Personnages de dessins animés en images - M - Statistiques

Statistiques générales
  • Ce quiz a été pris 817 fois
  • Le résultat moyen est 11 sur 16
Statistiques - réponses
Par images Réponse % Correct
Mickey Mouse
99%
Mulan
95%
Mowgli
92%
Mufasa
91%
Maléfique
88%
Manny
80%
Martin
77%
Merida
70%
Marie
67%
Mushu
65%
Monsieur Mouche
61%
Miguel Rivera
55%
Mirabel Madrigal
53%
Marty
49%
Maximus
47%
Melman
39%
Aucun quiz correspondant
Distribution des résultats
% des personnes avec chaque résultat
Percentile par nombre de réponses
Votre historique - résultats
Vous n’avez pas pris ce quiz